| 000 | 00594nam a2200169Ia 4500 | ||
|---|---|---|---|
| 003 | GCL | ||
| 008 | 140319s9999 xx 000 0 ara d | ||
| 040 |
_aGCL / _cGCL |
||
| 082 | 0 | 4 |
_a657.9 _bم م |
| 100 | 1 | _aمحمد سامى راضى | |
| 245 | 1 | 0 |
_aالمحاسبة عن الجمعيات والنوادى والتعاونيات / _cمحمد سامى راضى |
| 260 |
_aالقاهرة : _bالدار الجامعية ، _c2007 |
||
| 300 |
_a112 ص ؛ _c24 سم |
||
| 650 | 0 | 4 | _aالنوادى - محاسبة |
| 650 | 0 | 4 | _aالجمعيات التعاونية - محاسبة |
| 942 |
_2ddc _cBK |
||
| 999 |
_c9269 _d9269 |
||